000 00884nam a22002657i 4500
005 20251124122703.0
008 250906s2024 iq ||||gr|||| 00| 0 ara d
020 _a9789922721460
040 _aJO-AmGAM
_erda
041 _aara
_heng
082 1 4 _a121
_bب ي ر
100 _aبيرك، بيتر
_eمؤلف.
240 1 0 _aIgnorance.
245 1 2 _aالجهل :
_bتاريخ للظاهرة من منظور عالمي /
_cبيتر بيرك ؛ ترجمة بندر الحربي.
250 _aالطبعة الأولى.
264 3 1 _aبغداد :
_bالرافدين،
_c2024.
300 _a400 صفحة.
336 _2rdacontent
_aنص
_btxt
337 _2rdamedia
_aدون وسيط عرض
_bn
338 _2rdacarrier
_aمجلد
_bnc
650 1 7 _aنظرية المعرفة.
700 1 _aالحربي، بندر
_eمترجم.
942 _2ddc
_cBK
999 _c247344
_d247344